[Event "SVK-ch U20 Girls"]
[Site "Lubovna"]
[Date "2020.08.18"]
[Round "5"]
[White "Angelovicova, Alexandra"]
[Black "Mikova, Miriam"]
[Result "0-1"]
[WhiteElo "1261"]
[BlackElo "1475"]
[PlyCount "34"]
[EventDate "2020.08.15"]
[EventType "swiss"]
[EventRounds "9"]
[EventCountry "SVK"]
[SourceTitle "EXT 2021"]
[Source "ChessBase"]
[SourceDate "2020.10.23"]
[SourceVersion "1"]
[SourceVersionDate "2020.10.23"]
[SourceQuality "1"]

1. e4 c6 2. Nc3 d5 3. exd5 cxd5 4. Bb5+ Nc6 5. d4 Nf6 6. Nf3 Bg4 7. h3 Bxf3 8. Qxf3 e6 9. a3 Be7 10. Be3 0-0 11. 0-0-0 Qa5 12. Kb1 Bxa3 13. bxa3 Qxc3 14. Bc1 Qa5 15. Be2 Ne4 16. Bb2 Nd2+ 17. Rxd2 Qxd2 0-1

[Event "SVK-ch U20 Girls"]
[Site "Lubovna"]
[Date "2020.08.17"]
[Round "3"]
[White "Jancovicova, Petra"]
[Black "Angelovicova, Alexandra"]
[Result "1-0"]
[WhiteElo "1695"]
[BlackElo "1261"]
[PlyCount "65"]
[EventDate "2020.08.15"]
[EventType "swiss"]
[EventRounds "9"]
[EventCountry "SVK"]
[SourceTitle "EXT 2021"]
[Source "ChessBase"]
[SourceDate "2020.10.23"]
[SourceVersion "1"]
[SourceVersionDate "2020.10.23"]
[SourceQuality "1"]

1. e4 e5 2. Nf3 Nc6 3. Bc4 Bc5 4. c3 Nf6 5. d4 exd4 6. cxd4 Bb4+ 7. Bd2 Nxe4 8. Bxb4 d5 9. Bb5 a5 10. Ba3 Bd7 11. Bxc6 Bxc6 12. 0-0 b5 13. b4 a4 14. Nbd2 0-0 15. Nxe4 dxe4 16. Ne5 Bd5 17. Qc2 c6 18. Rac1 Rc8 19. Rfd1 Rc7 20. Ng4 Qd7 21. Ne5 Qe6 22. Qe2 Rfc8 23. Rd2 f6 24. Ng4 Bc4 25. Qd1 Bxa2 26. Ne3 Bb3 27. Qg4 Qe7 28. Nf5 Qe6 29. Rc3 Rd7 30. Rb2 Qd5 31. Rc5 Qe6 32. h4 Rxd4 33. Qxg7# 1-0

[Event "SVK-ch U16/20 Girls"]
[Site "Liptovsky Mikulas"]
[Date "2019.04.30"]
[Round "9"]
[White "Angelovicova, Alexandra"]
[Black "Simonova, Stela"]
[Result "0-1"]
[WhiteElo "1000"]
[BlackElo "1712"]
[PlyCount "58"]
[EventDate "2019.04.23"]
[EventType "swiss"]
[EventRounds "9"]
[EventCountry "SVK"]
[SourceTitle "CBM 190 Extra"]
[Source "ChessBase"]
[SourceDate "2019.07.15"]
[SourceVersion "1"]
[SourceVersionDate "2019.07.15"]
[SourceQuality "1"]

1. e4 Nc6 2. Nf3 d5 3. exd5 Qxd5 4. Nc3 Qa5 5. d4 Nf6 6. Bd2 a6 7. Be2 Bg4 8. h3 Bh5 9. 0-0 0-0-0 10. Be3 e5 11. Nxe5 Bxe2 12. Nxc6 Bxd1 13. Nxa5 Bxc2 14. Rac1 Bg6 15. Nc4 Bd3 16. Ne5 Bxf1 17. Nxf7 Bc4 18. Nxh8 Bd6 19. b3 Be6 20. Rd1 Rxh8 21. d5 Bf7 22. Bg5 Be7 23. Bxf6 Bxf6 24. Ne4 Rd8 25. d6 Be5 26. Ng5 Bxd6 27. g3 Bg6 28. Rd2 Re8 29. Nf3 Bb4 0-1

[Event "SVK-ch U16/20 Girls"]
[Site "Liptovsky Mikulas"]
[Date "2019.04.29"]
[Round "8"]
[White "Bujnova, Sara"]
[Black "Angelovicova, Alexandra"]
[Result "1/2-1/2"]
[WhiteElo "1268"]
[BlackElo "1000"]
[PlyCount "40"]
[EventDate "2019.04.23"]
[EventType "swiss"]
[EventRounds "9"]
[EventCountry "SVK"]
[SourceTitle "CBM 190 Extra"]
[Source "ChessBase"]
[SourceDate "2019.07.15"]
[SourceVersion "1"]
[SourceVersionDate "2019.07.15"]
[SourceQuality "1"]

1. e4 e5 2. Nf3 Nc6 3. Bc4 Nf6 4. Ng5 d5 5. exd5 Nxd5 6. Qf3 Be6 7. Nxe6 fxe6 8. Nc3 Nd4 9. Qd1 Qd6 10. 0-0 0-0-0 11. d3 Nb6 12. Bb3 Nxb3 13. axb3 a6 14. Be3 Nd5 15. Nxd5 exd5 16. Qg4+ Qd7 17. Qxd7+ Rxd7 18. Rfe1 Be7 19. Bd2 Bf6 20. Bc3 Re8 1/2-1/2

[Event "SVK-ch U16/20 Girls"]
[Site "Liptovsky Mikulas"]
[Date "2019.04.24"]
[Round "2"]
[White "Angelovicova, Alexandra"]
[Black "Datelova, Daniela"]
[Result "0-1"]
[WhiteElo "1000"]
[BlackElo "1461"]
[PlyCount "52"]
[EventDate "2019.04.23"]
[EventType "swiss"]
[EventRounds "9"]
[EventCountry "SVK"]
[SourceTitle "CBM 190 Extra"]
[Source "ChessBase"]
[SourceDate "2019.07.15"]
[SourceVersion "1"]
[SourceVersionDate "2019.07.15"]
[SourceQuality "1"]

1. e4 e6 2. d4 d5 3. Nd2 c5 4. exd5 exd5 5. Bb5+ Nc6 6. Qe2+ Be6 7. dxc5 Bxc5 8. Nb3 Bb6 9. Be3 Nge7 10. Nf3 0-0 11. c3 Nf5 12. 0-0 Nxe3 13. fxe3 Bg4 14. Qd2 Qd6 15. g3 a6 16. Be2 Rfe8 17. Nfd4 Nxd4 18. Nxd4 Bh3 19. Rf2 Re5 20. Bf1 Bd7 21. Bg2 Rae8 22. Raf1 R8e7 23. Nf5 Bxf5 24. Rxf5 Bxe3+ 25. Qxe3 Rxe3 26. Bxd5 Qd7 0-1